000 00389 a2200169 4500
001 74472
020 _a9788508146369
040 _cAnchieta - Colégio São Paulo
100 _aCarrasco, Walcyr
240 1 0 _aRick, o nerd detetive
_lpor
245 1 0 _aRick, o nerd detetive
300 _a40
362 0 _a2011
440 1 _aÁtica
650 4 _aLiteratura infanto-juvenil
942 _cBK
999 _c74472
_d74472